I Love Lucy: VITAMEATAVEGAMIN Quiz Stats

Quiz Updated Sep 30, 2013

Also try: I Love Lucy (A-Z)
Challenge
Share
Tweet
Embed
Score 0/92 Timer 06:00
1 Play Today
Words % Correct
a
93.5%
a
93.5%
The
91.1%
the
91.1%
you
90.4%
you
90.4%
you
90.4%
you
90.4%
you
90.4%
you
90.4%
and
89.2%
and
89.2%
Vitameatavegamin
82.3%
Vitameatavegamin.
82.3%
Vitameatavegamin
82.3%
Vitameatavegamin,
82.3%
Vitameatavegamin
82.3%
Vita-meata-vegamin!
82.3%
Do
78.3%
do
78.3%
to
75.6%
to
75.6%
Are
74.1%
Are
74.1%
is
72.6%
is
72.6%
your
69.7%
your
69.7%
your
69.7%
in
67.5%
at
65.8%
Words % Correct
Meat,
65.1%
can
65.1%
out
64.9%
this
64.1%
Vitamins,
63.7%
all
63%
All
63%
all
63%
tired,
62.7%
poop
62.4%
Vegetables,
61.8%
take
61%
parties?
60.8%
bottle.
60%
bottle
60%
so
59.8%
So
59.8%
of
59.7%
of
59.7%
Hello
59.5%
spoon
59.4%
little
57.4%
answer
55.7%
I'm
55.5%
Minerals.
54.2%
It's
54.2%
health.
53.6%
problems
53.1%
girl.
52%
too!
52%
way
51.7%
Words % Correct
just
49.9%
like
49.6%
tasty
48.4%
with
47.5%
get
46.3%
listless?
45.4%
friends,
44.5%
every
44.4%
contains
43.2%
unpopular?
43.2%
Tastes
41.5%
run-down,
40.8%
candy!
40.4%
big
40.2%
big
40.2%
great
38.4%
That's
37.1%
meal.
34.5%
why
33.3%
after
32.9%
people
32.6%
don't
30.7%
Yes,
30.5%
happy
29.4%
peppy
26.2%
join
24.6%
Mmmmmm...
22.8%
thousands
20.5%
tablespoonful
19.2%
tomorrow!
18.5%

You're not logged in!

Compare scores with friends on all Sporcle quizzes.
Sign Up with Email
OR
Log In

You Might Also Like...

Show Comments

Extras

Top Quizzes Today


Score Distribution

Your Account Isn't Verified!

In order to create a playlist on Sporcle, you need to verify the email address you used during registration. Go to your Sporcle Settings to finish the process.